=LDR 00000nam 2200000 4500 =001 INLIS000000000050943 =005 20170807103425 =035 ##$$a 0010-0817000126 =007 ta =008 170807###########################0###### =020 ##$$a 978-602-716-513-7 =082 ##$$a 621.3 =084 ##$$a 621.3 SON s =100 #$$a Sonny Tanyadji =245 1#$$a Sistem Proteksi Tenaga Listrik /$c Sonny Tanyadji =250 ##$$a cet.1 =260 ##$$a Makasr :$b Ininnawa,$c 2015 =300 ##$$a 188 hlm : $b ilus. ; $c 21 cm =650 ##$$a Tenaga Listrik - Sistem =990 ##$$a 90329032 =990 ##$$a 90329032 =990 ##$$a 90329032 =990 ##$$a 90329032 =990 ##$$a 90329032 =990 ##$$a 90329032 =990 ##$$a 90329032 =990 ##$$a 31701582 =990 ##$$a 02201709032 =990 ##$$a 02201709033 =990 ##$$a 02201709034 =990 ##$$a 02201709035 =990 ##$$a 02201709036 =990 ##$$a 02201709037 =990 ##$$a 31701583 =990 ##$$a 02201709032 =990 ##$$a 02201709033 =990 ##$$a 02201709034 =990 ##$$a 02201709035 =990 ##$$a 02201709036 =990 ##$$a 31701582 =990 ##$$a 31701559 =990 ##$$a 02201709032 =990 ##$$a 02201709033 =990 ##$$a 02201709034 =990 ##$$a 02201709035 =990 ##$$a 31701583 =990 ##$$a 31701582 =990 ##$$a 31701560 =990 ##$$a 02201709032 =990 ##$$a 02201709033 =990 ##$$a 02201709034 =990 ##$$a 31701559 =990 ##$$a 31701583 =990 ##$$a 31701582 =990 ##$$a 31701561 =990 ##$$a 02201709032 =990 ##$$a 02201709033 =990 ##$$a 31701560 =990 ##$$a 31701559 =990 ##$$a 31701583 =990 ##$$a 31701582 =990 ##$$a 31701562 =990 ##$$a 02201709032 =990 ##$$a 31701561 =990 ##$$a 31701560 =990 ##$$a 31701559 =990 ##$$a 31701583 =990 ##$$a 31701582 =990 ##$$a 31701563 =990 ##$$a 31701562 =990 ##$$a 31701561 =990 ##$$a 31701560 =990 ##$$a 31701559 =990 ##$$a 31701583 =990 ##$$a 31701582